LEADER 01366nam a2200301 u 4500 001 000000028731 003 CaOOAMICUS 005 20130507174517.0 008 961014c1993 it a u000 u ita u 020 $a8802047286 035 $a10743666 040 $aMSA$bita$dPUL(R) 245 10$aInni degli Alvar :$btesti tamil di devozione visnuita /$ca cura di Emanuela Panattoni. 260 $aTorino :$bUnione Tipografico-Editrice Torinese,$cc1993. 300 $a713 p., 7 c. di tav. :$bill. ;$c23 cm 490 1 $aClassici delle religioni.$aSezione prima, Religioni orientali 490 1 $aClassici UTET 650 4$aInduismo$xTesti.$0(OLS)http://pul/subject/7080 700 1 $aPanattoni, Emanuela.$0(OLS)http://pul/name/23350 830 0$aClassici UTET.$0(OLS)http://pul/title/1243 830 0$aClassici delle religioni (UTET).$nSezione prima,$pReligioni orientali.$0(OLS)http://pul/title/2877 850 $aPUL 852 $aPUL$W1$xSL Religione 3$y85$m200. 3 COLL 3.48$j153788$nBK-PRI$qDDC 21$B39884$CPULBib$Z2$F39884 $H70553 $82 941 1 $a9 961 $aINV: 70553 996 $6020$a8802047286$9(OLS)http://pul/number/35712 996 $6245$aInni degli Alvar :$btesti tamil di devozione visnuita$9(OLS)http://pul/title/39228 996 $6260$aTorino :$bUnione Tipografico-Editrice Torinese$9(OLS)http://pul/publisher/48798 LEADER 01149nam a2200289 u 4500 001 000000055882 003 CaOOAMICUS 005 20070226120419.0 008 010322s1999 it u000 u ita u 020 $a8876107800 035 $a10869854 040 $aPUL$bita 100 1 $aOrsatti, Mauro.$0(OLS)http://pul/name/25638 245 10$aContemporanei di Cristo :$bmeditazioni sul Vangelo di Marco /$cMauro Orsatti. 260 $aMilano :$bÀncora,$cc1999. 300 $a205 p. ;$c19 cm 490 1 $aLe ancore 504 $aBibliografia in nota. 630 04$aBiblia.$pN.T.$pMarcus.$0(OLS)http://pul/subject/37837 830 3$aLe àncore (Ancora).$0(OLS)http://pul/title/65890 850 $aPUL 852 $aPUL$W1$xDP2 Religione 3$y114$m226. 3 ORSMA 1$j175797$nBK-PRI$b $qDDC 21$B73416$CPULBib$Z2$F73416 $H84578 $81 941 1 $a9 961 $aPrecedente collocazione: Teo 22 996 $6020$a8876107800$9(OLS)http://pul/number/70357 996 $6245$aContemporanei di Cristo :$bmeditazioni sul Vangelo di Marco$9(OLS)http://pul/title/74798 996 $6260$aMilano :$bÀncora$9(OLS)http://pul/publisher/53070